Statystyki dla Państwa graniczące z Zambią

Kliknij tutaj aby rozwiązać quiz!

Ogólne statystyki

  • Ten quiz został rozwiązany 61 razy
  • Średni wynik to 7 z 8

Statystyki odpowiedzi

Państwo% Poprawnych
Mozambik
91%
Demokratyczna Republika Konga
89%
Namibia
89%
Zimbabwe
89%
Angola
87%
Botswana
80%
Tanzania
80%
Malawi
75%

Rozkład punktacji

Percentyl według liczby udzielonych odpowiedzi

Procent ludzi z każdym wynikiem

Twoja historia wyników

Nie rozwiązałeś tego quizu